000 00566nam a22001697a 4500
003 OSt
005 20251204132323.0
008 251204b |||||||| |||| 00| 0 eng d
020 _a981-261-065-0.
040 _aDWCL-Main lib
_cOC
082 _aRes. 642.6 J72g 2006
100 _aJohnson, Tatjana Schantz
245 _aThe global table :
_bcelebrations and contemporary inspirations
_cJohnson, Tatjana Schantz
260 _aSingapore :
_bMarshall Cavendish Editions,
_cc2006.
300 _a143 pages :
_bcolored illustration ;
_c25 cm.
942 _2ddc
_cBK-0 CIRC
_kRes.
_n0
999 _c6837
_d6837